[Event "VII Malaga Open"]
[Site "Campillos ESP"]
[Date "2004.02.26"]
[Round "7"]
[White "Gutierrez Castillo,O"]
[Black "Vinas Guerrero,C"]
[Result "1-0"]
[WhiteElo "2209"]
[BlackElo "2098"]

1.e4 d5 2.exd5 Qxd5 3.Nc3 Qd6 4.d4 Nf6 5.Be2 a6 6.Nf3 Nc6 7.Bg5 Bf5 8.Qd2 O-O-O
9.Be3 e6 10.a3 h6 11.O-O-O g5 12.Bd3 Bxd3 13.Qxd3 Bg7 14.Ne2 Nd5 15.Nd2 Nxe3
16.fxe3 f5 17.Nb3 Ne7 18.Nc5 e5 19.Qb3 Qd5 20.Qb4 exd4 21.exd4 Rd6 22.Nc3 Qc6
23.Rhe1 Nd5 24.Nxd5 Qxd5 25.c4 Qxg2 26.Ne6 Rb6 27.Qc3 Bf6 28.c5 Rc6 29.Qb3 Re8
30.d5 Rcxe6 31.dxe6 Qc6 32.Kb1 Qxc5 33.Qd3 Kb8 34.Re2 Re7 35.Qb3 f4 36.Qd3 Qb6
37.Qf5 f3 38.Qxf3 Rxe6 39.Rc2 Qe3 40.Qd5 Qe5 41.Qxe5 Rxe5 42.Rd7 c6 43.Rh7 Re7
44.Rxh6 Bd4 45.Rg6 Re5 46.Rg2 Be3 47.Re2 Kc7 48.Kc2 Rc5+ 49.Kd3 Bf4 50.Re7+ Kb6
51.Rgg7 Rd5+ 52.Kc4 Rc5+ 53.Kb3 Rb5+ 54.Ka2 Ka7 55.h3 a5 56.Re2 Ka6 57.Rf7 Bd6
58.Rd2 Bb8 59.Rg2 Rd5 60.Rg4 Ba7 61.Rg2 Be3 62.Kb3 Rc5 63.Rf3 Bd4 64.Rd3 Rb5+
65.Kc4 Bxb2 66.Rb3 Rxb3 67.Kxb3 Bc1 68.Rc2 Bf4 69.Rc4 Be3 70.Re4 Bf2 71.Re5 Bh4
72.Kc4 Kb6 73.a4 Ka6 74.Rc5 Kb6 75.Rf5 Ka6 76.Kc5 Ka7 77.Kd6 Ka6 78.Kc7 Bg3+
79.Kc8 Bh4 80.Rf7 b5 81.Kc7  1-0

[Event "ch-CZE w"]
[Site "Karlovy Vary CZE"]
[Date "2004.02.26"]
[Round "8"]
[White "Sikorova,O"]
[Black "Gallinis Nemcova,V"]
[Result "1-0"]
[WhiteElo "2244"]
[BlackElo "2056"]

1.e4 d5 2.exd5 Qxd5 3.Nc3 Qd8 4.d4 Nf6 5.Bg5 Nbd7 6.Nf3 h6 7.Bh4 c6 8.Qd2 Nb6
9.O-O-O Bg4 10.Be2 Nbd5 11.Nxd5 Nxd5 12.h3 Bxf3 13.Bxf3 g5 14.Bg3 e6 15.Kb1 Bd6
16.Bxd6 Qxd6 17.h4 Rg8 18.hxg5 hxg5 19.c4 Nf6 20.Rh6 Qe7 21.d5 g4 22.d6 Qd8
23.Be2 Ne4 24.d7+ Kf8 25.Qd4 Ng5 26.Bxg4 f5 27.Rf6+ Ke7 28.Bxf5 Qa5 29.c5 b6
30.Rh6 Kd8 31.Rh8  1-0

[Event "ch-CZE junior"]
[Site "Karlovy Vary CZE"]
[Date "2004.02.26"]
[Round "10"]
[White "Priborsky,J"]
[Black "Chalupa,I"]
[Result "1-0"]
[WhiteElo "2229"]
[BlackElo "2149"]

1.e4 d5 2.exd5 Qxd5 3.Nc3 Qd6 4.d4 Nf6 5.Nf3 a6 6.g3 Bg4 7.Bg2 e6 8.h3 Bxf3
9.Qxf3 c6 10.Qd3 Be7 11.O-O Qd8 12.Ne2 Nbd7 13.c4 O-O 14.Be3 Qc7 15.Rac1 e5
16.d5 c5 17.Nc3 Bd6 18.Be4 h6 19.Bf5 Rae8 20.Kg2 Re7 21.Qc2 Rfe8 22.b4 cxb4
23.Bxd7 Nxd7 24.Ne4 b6 25.Qa4 f5 26.Nxd6 Qxd6 27.Qxa6 Nc5 28.Qb5 f4 29.Bd2 Nd3
30.Rb1 Qc5 31.gxf4 Qxb5 32.cxb5 Rd7 33.fxe5 Rxe5 34.Bxb4 Rdxd5 35.Bc3 Rg5+
36.Kf3 Rxb5 37.Ke3 Rxb1 38.Rxb1 Ne5 39.h4 Rh5 40.f4 Nf7 41.Rxb6 Rxh4 42.a4 g5
43.fxg5 hxg5 44.a5 Ra4 45.Rb1 Nd6 46.Kd3 Nc4 47.Rg1 Nxa5 48.Rxg5+ Kf7 49.Bxa5 Ra1
50.Bc3 Rd1+ 51.Ke4 Rd7 52.Kf5 Rd5+ 53.Be5 Rd7 54.Rg1 Re7 55.Rh1 Rd7 56.Rh8 Re7
57.Bd6 Rd7 58.Ke5 Kg7 59.Rh1 Kf7 60.Rf1+ Kg7 61.Ke6 Ra7 62.Rg1+ Kh7 63.Be7 Kh6
64.Bf6 Ra5 65.Be5 Ra6+ 66.Kf5 Kh7 67.Rh1+ Kg8 68.Bf6 Kf7 69.Rh7+ Ke8 70.Re7+ Kf8
71.Kg6 Rb6 72.Rh7 Ke8 73.Kf5 Ra6 74.Be5 Rb6 75.Bf6 Rb5+ 76.Kg6 Rb6 77.Re7+ Kf8
78.Re1 Ra6 79.Rd1 Ra8 80.Rh1  1-0

[Event "ch-TUR w"]
[Site "Kusadasi TUR"]
[Date "2004.03.04"]
[Round "6"]
[White "Bayrak,A"]
[Black "Yildiz,B"]
[Result "0-1"]
[WhiteElo "1898"]
[BlackElo "2118"]

1.e4 d5 2.exd5 Qxd5 3.Nc3 Qd6 4.d4 Nf6 5.Nf3 a6 6.Bd3 Bg4 7.h3 Bh5 8.Ne4 Nxe4
9.Bxe4 Bg6 10.Bxg6 hxg6 11.O-O e6 12.Re1 Be7 13.Ne5 Nc6 14.c3 Nxe5 15.Rxe5 Bf6
16.Re1 O-O-O 17.Qe2 Rh4 18.b4 g5 19.b5 a5 20.a4 Rdh8 21.Ba3 Qd7 22.f3 Qd5
23.Rab1 b6 24.Rbd1 Qb3 25.Bb2 Qxa4 26.c4 Qb4 27.Rd2 Qd6 28.c5 bxc5 29.dxc5 Qxc5+
30.Kh2 Bxb2 31.Rxb2 Qd6+ 32.Qe5 Rb4 33.Rc2 Kb8 34.Rc6 Rxb5 35.Rxd6 Rxe5 36.Rxe5 cxd6
37.Rxa5 d5 38.Ra4 Kb7 39.Kg3 Rh4 40.Ra3 Rb4 41.Rc3 Rc4 42.Rd3 Kc6 43.Kf2 Kd6
44.Ke3 Ke5 45.g3 f5 46.f4+ gxf4+ 47.gxf4+ Rxf4 48.Ra3 d4+ 49.Ke2 Ke4 50.Rg3 Rh4
51.Rxg7 Rxh3 52.Rg6 Rh2+ 53.Ke1 Ke5  0-1

[Event "FSIM March"]
[Site "Budapest HUN"]
[Date "2004.03.10"]
[Round "5"]
[White "Zigangirova,S"]
[Black "Werner,Di"]
[Result "1-0"]
[WhiteElo "2205"]
[BlackElo "2349"]

1.e4 d5 2.exd5 Qxd5 3.Nc3 Qd6 4.d4 Nf6 5.Nf3 a6 6.Bd3 g6 7.O-O Bg7 8.Ne4 Nxe4
9.Bxe4 Nd7 10.c4 c5 11.Be3 cxd4 12.Bxd4 Bxd4 13.Qxd4 Qxd4 14.Nxd4 O-O 15.f4 Nc5
16.Bc2 Bg4 17.Rae1 Rfd8 18.Nf3 Be6 19.b3 a5 20.Ng5 Rd2 21.Rf2 Rad8 22.Ree2 Rxe2
23.Rxe2 h6 24.Ne4 Bg4 25.Rd2 Rxd2 26.Nxd2 g5 27.Ne4 b6 28.Nc3 gxf4 29.Nd5 Kf8
30.Nxf4 Na6 31.h3 Nb4 32.Bb1 Bd1 33.Kf2 a4 34.bxa4 Bxa4 35.a3 Nc2 36.Bxc2 Bxc2
37.Nd5 e6 38.Nxb6 Ke7 39.c5 Kd8 40.Ke3 Kc7 41.Kd4 f6 42.Nc4 Kc6 43.Ne3 e5+
44.Kc4 Be4 45.g4 Bg6 46.a4 h5 47.a5 Kb7 48.Kd5 hxg4 49.hxg4 Kc7 50.Ke6 Bd3
51.Nd5+  1-0

[Event "TCh-CZE Extraliga 2003-4"]
[Site "Czech Rep CZE"]
[Date "2004.03.20"]
[Round "8"]
[White "Laznicka,V"]
[Black "Nedela,V"]
[Result "0-1"]
[WhiteElo "2429"]
[BlackElo "2378"]

1.e4 d5 2.exd5 Qxd5 3.Nc3 Qd6 4.d4 c6 5.g3 Nf6 6.Bg2 Bf5 7.Nf3 h6 8.O-O e6
9.Qe2 Be7 10.Bf4 Qd8 11.Rad1 O-O 12.Ne5 Qb6 13.g4 Bh7 14.Bc1 Qa6 15.Nd3 Nbd7
16.f4 Rae8 17.a3 Nd5 18.Ne4 f5 19.gxf5 exf5 20.Ng3 Bd8 21.Ne5 Qxe2 22.Nxe2 Nxe5
23.dxe5 Bb6+ 24.Kh1 Ne3 25.Bxe3 Bxe3 26.Rd7 Rf7 27.Rd3 Bb6 28.b4 Kf8 29.h4 g5
30.hxg5 hxg5 31.fxg5 Rxe5 32.Nf4 Rg7 33.Rh3 Ke7 34.c4 Be3 35.Nd3 Re6 36.Nf4 Bxf4
37.Rxf4 Re5 38.Rg3 Re1+ 39.Kh2 Ke6 40.Rd4 Bg6 41.b5 c5 42.Rd8 b6 43.Rgd3 Rh7+
44.Rh3 Rg7 45.Rh6 Ke5 46.Kg3 Re3+ 47.Kf2 Rxa3 48.Rd5+ Kf4 49.Rh8 Ra2+ 50.Kg1 Bf7
51.Rd7 Rxg5 52.Rh4+ Ke5  0-1

[Event "Windesheim Open Weekender"]
[Site "Zwolle NED"]
[Date "2004.03.21"]
[Round "6"]
[White "Nijboer,F"]
[Black "Spoelman,W"]
[Result "1-0"]
[WhiteElo "2586"]
[BlackElo "2239"]

1.e4 d5 2.exd5 Qxd5 3.Nc3 Qd6 4.d4 Nf6 5.Nf3 a6 6.Be3 e6 7.Be2 Nbd7 8.O-O b5
9.Ng5 Bb7 10.Bf3 Nd5 11.a4 b4 12.Nge4 Qc6 13.Nxd5 exd5 14.Ng3 Be7 15.Nf5 Qf6
16.Nxe7 Qxe7 17.Re1 O-O 18.Qd2 Nb6 19.Bf4 Qf6 20.Be5 Qc6 21.Qxb4 a5 22.Qb5 Nc4
23.Qxc6 Bxc6 24.b3 Nxe5 25.Rxe5 Rae8 26.Rae1 Rxe5 27.Rxe5 Rb8 28.Bxd5 Bxa4
29.Bc4  1-0

[Event "1st Savaria IM"]
[Site "Szombathely HUN"]
[Date "2004.03.23"]
[Round "2"]
[White "Nemeth,Mi"]
[Black "Gerencer,J"]
[Result "1-0"]
[WhiteElo "2366"]
[BlackElo "2165"]

1.e4 d5 2.exd5 Qxd5 3.Nc3 Qd6 4.d4 Nf6 5.Bc4 a6 6.a4 g6 7.Nf3 Nc6 8.Be3 Bg7
9.Qd2 Bf5 10.O-O O-O 11.Rfe1 e5 12.dxe5 Qxd2 13.Bxd2 Ng4 14.Bf4 Nb4 15.Nd4 Rfd8
16.Nxf5 gxf5 17.Bb3 Rd4 18.g3 c5 19.a5 c4 20.Ba4 Nc6 21.Bxc6 bxc6 22.h3 Nh6
23.Ra4 Re8 24.Rb4 Kf8 25.Kf1 Ng8 26.Rb7 Re7 27.Rb6 f6 28.Rb8+  1-0

[Event "TCh-CZE Extraliga 2003-4"]
[Site "Czech Rep CZE"]
[Date "2004.04.03"]
[Round "10"]
[White "Petrik,T"]
[Black "Pisk,P"]
[Result "1-0"]
[WhiteElo "2413"]
[BlackElo "2322"]

1.e4 d5 2.exd5 Qxd5 3.Nc3 Qd6 4.d4 Nf6 5.Nf3 a6 6.Be3 Bf5 7.Bc4 e6 8.Qe2 Be7
9.O-O-O Nd5 10.Bxd5 exd5 11.Rhe1 O-O 12.Ne5 Be6 13.Bf4 Qd8 14.Nxf7 Bxf7 15.Qxe7 Qxe7
16.Rxe7 Nc6 17.Rxc7 Bh5 18.g4 Bxg4 19.Bd6 Rxf2 20.Rg1 Bf5 21.Rcxg7+ Kh8 22.R7g2 Rxg2
23.Rxg2 Re8 24.Nxd5 Rd8 25.Ne7 Be4 26.Rg4 Bf3 27.Rg3 Be4 28.Bc5 h5 29.Nxc6 bxc6
30.Rg5 Rd5 31.Rg1 Rf5 32.Re1 Bd5 33.b3 Rf2 34.c4 Bf7 35.d5 Rxa2 36.Bd4+ Kg8
37.dxc6 Bg6 38.Rg1 Kf7 39.Rxg6  1-0

[Event "TCh-CZE Extraliga 2003-4"]
[Site "Czech Rep CZE"]
[Date "2004.04.03"]
[Round "10"]
[White "Mikhaletz,L"]
[Black "Jirovsky,Pa"]
[Result "1/2-1/2"]
[WhiteElo "2458"]
[BlackElo "2400"]

1.e4 d5 2.exd5 Qxd5 3.Nc3 Qd6 4.d4 Nf6 5.Nf3 a6 6.Bd3 Bg4 7.h3 Bh5 8.Bg5 Nc6
9.g4 Bg6 10.Bxg6 hxg6 11.d5 Ne5 12.Qe2 Nfxg4 13.O-O-O Nxf3 14.Qxf3 Nf6 15.Bf4 Qd7
16.Qe3 Rh5 17.Be5 Rc8 18.f4 b6 19.a4 c5 20.Qe2 Ra8 21.Kb1 Kd8 22.a5 b5 23.b4 cxb4
24.Na2 Rc8 25.Nxb4 Rc4 26.Nxa6 Rxh3 27.Nb8 Qf5 28.Nc6+ Ke8 29.Rxh3 Qxh3 30.Bxf6 gxf6
31.d6 Rxc6 32.d7+ Kd8 33.Qxb5 Rd6 34.Rxd6 exd6 35.a6 Bg7 36.a7 Qh1+ 37.Ka2 f5
38.c3 Bxc3 39.Qb8+ Kxd7 40.a8=Q Qa1+ 41.Kb3 Qb1+ 42.Kc4 Qf1+ 43.Kxc3 Qc1+
44.Kd3 Qd1+ 45.Ke3 Qe1+ 46.Kf3 Qf1+ 47.Kg3 Qe1+ 48.Kh2 Qf2+ 49.Kh3 Qe3+ 50.Kg2 Qe2+
51.Kg3 Qe1+ 52.Kh2 Qf2+ 53.Qg2 Qh4+ 54.Qh3 Qf2+ 55.Kh1 Qe1+ 56.Kg2 Qe2+ 57.Kg1 Qe1+
58.Qf1 Qg3+ 59.Kh1 Qh4+ 60.Kg2 Qg4+ 61.Kf2 Qxf4+ 62.Ke2 Qc4+ 63.Ke1 Qc1+
64.Kf2 Qf4+  1/2-1/2

[Event "TCh-FRA Nat1 GpB"]
[Site "Montpellier FRA"]
[Date "2004.04.03"]
[Round "6"]
[White "Santo Roman,M"]
[Black "Brunelliere,P"]
[Result "1-0"]
[WhiteElo "2394"]
[BlackElo "2347"]

1.e4 d5 2.exd5 Qxd5 3.Nc3 Qd6 4.d4 Nf6 5.Nf3 a6 6.g3 b5 7.Bg2 Bb7 8.O-O e6
9.Ne5 c6 10.Bf4 Qd8 11.a4 b4 12.Ne4 Nd5 13.Qh5 g6 14.Nxg6 hxg6 15.Qxh8 Nxf4
16.gxf4 Nd7 17.Nd6+  1-0

[Event "ch-ISL"]
[Site "Reykjavik ISL"]
[Date "2004.04.03"]
[Round "1.4"]
[White "Vidarsson,J"]
[Black "Bergsson,Sn"]
[Result "1-0"]
[WhiteElo "2333"]
[BlackElo "2270"]

1.e4 d5 2.exd5 Qxd5 3.Nc3 Qd6 4.d4 Nf6 5.g3 a6 6.Bg2 Nc6 7.Bf4 Qb4 8.Ne2 Bf5
9.a3 Qb6 10.Na4 Qa5+ 11.Nec3 Bg4 12.f3 Bh5 13.b4 Qf5 14.Bxc7 Rc8 15.Bb6 Bg6
16.Rc1 Qe6+ 17.Qe2 Qxe2+ 18.Nxe2 e5 19.Bh3 Nd7 20.d5 Nd8 21.c4 Bd3 22.Bxd8 Rxd8
23.Nb2 Bxe2 24.Bxd7+ Kxd7 25.Kxe2 a5 26.c5 b6 27.Na4 bxc5 28.bxc5 Be7 29.Rb1 Rb8
30.Kd3 f5 31.Kc4 Rhc8 32.Rhe1 Bd6 33.Rxb8  1-0

[Event "TCh-CZE Extraliga 2003-4"]
[Site "Czech Rep CZE"]
[Date "2004.04.04"]
[Round "11"]
[White "Fedorchuk,S"]
[Black "Jirovsky,Pa"]
[Result "1-0"]
[WhiteElo "2571"]
[BlackElo "2400"]

1.e4 d5 2.exd5 Qxd5 3.Nc3 Qd6 4.d4 Nf6 5.Nge2 c6 6.Qd3 g6 7.Bf4 Qb4 8.O-O-O Bg7
9.h4 Be6 10.Bc7 Bh6+ 11.Kb1 Na6 12.a3 Qc4 13.Qxc4 Bxc4 14.Be5 O-O 15.b3 Bxe2
16.Bxe2 Nd5 17.Nxd5 cxd5 18.Bf3 e6 19.c4 Rad8 20.cxd5 exd5 21.Bf6 Rd7 22.Rhe1 Bg7
23.Bg4 Bxf6 24.Bxd7 Bxh4 25.g3 Bf6 26.Re8 Rxe8 27.Bxe8 Kf8 28.Bd7 Nc7 29.Rc1 Ne6
30.Bxe6 fxe6 31.Rd1 h5 32.Kc2 Ke7 33.Kd3 g5 34.Ke3 h4 35.g4 Kd6 36.f4 gxf4+
37.Kxf4 Bxd4 38.g5 Bc3 39.g6 e5+ 40.Ke3 e4 41.Rh1 Ke6 42.Rxh4 Kf6 43.Rg4 Kg7
44.Rg5 Bb2 45.Rxd5 Bxa3 46.Kxe4 Kxg6 47.Ra5 Bb4 48.Rxa7 b6 49.Rb7 Bc5 50.b4 Bg1
51.b5 Kf6 52.Kd5  1-0

[Event "ch-DEN"]
[Site "Koge DEN"]
[Date "2004.04.04"]
[Round "1.1"]
[White "Boe,M"]
[Black "Fries Nielsen,JO"]
[Result "1/2-1/2"]
[WhiteElo "2362"]
[BlackElo "2425"]

1.e4 d5 2.exd5 Qxd5 3.Nc3 Qd6 4.d4 Nf6 5.Nf3 a6 6.Bc4 b5 7.Bb3 Bb7 8.O-O e6
9.Bg5 c5 10.dxc5 Qxd1 11.Raxd1 Bxc5 12.Ne5 Nbd7 13.Nxd7 Nxd7 14.Rfe1 Nf6
15.Bxf6 gxf6 16.Nd5  1/2-1/2

[Event "FSIM April"]
[Site "Budapest HUN"]
[Date "2004.04.05"]
[Round "3"]
[White "Batyte,D"]
[Black "Brustkern,J"]
[Result "0-1"]
[WhiteElo "2176"]
[BlackElo "2266"]

1.e4 d5 2.exd5 Qxd5 3.Nc3 Qd6 4.d4 Nf6 5.h3 a6 6.Bd3 Nc6 7.Nf3 Nb4 8.Ne4 Nxd3+
9.Qxd3 Qd5 10.Nxf6+ gxf6 11.c4 Qh5 12.Bf4 Rg8 13.Bxc7 Rxg2 14.Bg3 Bf5 15.Qb3 Be4
16.Nd2 Rxg3 17.fxg3 Bxh1 18.d5 O-O-O 19.g4 Qe5+  0-1

[Event "FSIM April"]
[Site "Budapest HUN"]
[Date "2004.04.07"]
[Round "5"]
[White "Batyte,D"]
[Black "Werner,Di"]
[Result "0-1"]
[WhiteElo "2176"]
[BlackElo "2362"]

1.e4 d5 2.exd5 Qxd5 3.Nc3 Qd6 4.d4 Nf6 5.Bc4 a6 6.Nge2 Bg4 7.Qd3 Nc6 8.Bf4 Nb4
9.Qd2 Qc6 10.Bb3 e6 11.f3 Bh5 12.d5 Nfxd5 13.a3 O-O-O 14.axb4 Nxb4 15.Qe3 Bg6
16.Ne4 Nd5 17.Qc1 Bxe4 18.fxe4 Nf6 19.O-O Bc5+ 20.Be3 Ng4 21.Bf2 Nxf2 22.Rxf2 Qxe4
23.Nf4 Be3 24.Ra4 Rd4 25.Rxd4 Qxd4 26.Ne2 Bxf2+ 27.Kf1 Be3 28.Nxd4 Bxc1 29.Nf3 Bxb2
30.Ng5 Kd7 31.Ke2 h6 32.Ne4 Bd4 33.Kd3 Bg1 34.h3 Rd8 35.Ng3 Ke7+  0-1

[Event "10th WDB Easter Open"]
[Site "Essen GER"]
[Date "2004.04.07"]
[Round "1"]
[White "Henrichs,T"]
[Black "Schartau,B"]
[Result "1/2-1/2"]
[WhiteElo "2427"]
[BlackElo "1903"]

1.e4 d5 2.exd5 Qxd5 3.Nc3 Qd6 4.d4 a6 5.Nf3 Nf6 6.Be3 Nc6 7.Qd2 Bg4 8.Ng5 e6
9.f3 Bf5 10.O-O-O Be7 11.Nge4 Qd7 12.h4 h5 13.a3 O-O-O 14.Ng5 Rhf8 15.Bc4 Nd5
16.Bf2 Nxc3 17.Qxc3 Bf6  1/2-1/2

[Event "FSIM April"]
[Site "Budapest HUN"]
[Date "2004.04.09"]
[Round "7"]
[White "Meinhardt,Ma"]
[Black "Brustkern,J"]
[Result "1/2-1/2"]
[WhiteElo "2285"]
[BlackElo "2266"]

1.e4 d5 2.exd5 Qxd5 3.Nc3 Qd6 4.d4 Nf6 5.Nf3 a6 6.g3 b5 7.Bg2 Bb7 8.O-O e6
9.Bf4 Qb6 10.a4 Bd6 11.Be3 Nd5 12.axb5 axb5 13.Rxa8 Bxa8 14.Qd3 b4 15.Ne4 Nd7
16.Nfd2 O-O 17.Nc4 Qb8 18.Bd2 Rd8 19.Ncxd6 cxd6 20.c4 bxc3 21.bxc3 N5b6 22.h4  1/2-1/2

[Event "42nd Doeberl Cup"]
[Site "Canberra AUS"]
[Date "2004.04.09"]
[Round "1"]
[White "Smerdon,D"]
[Black "Pengelley,J"]
[Result "1-0"]
[WhiteElo "2393"]
[BlackElo "2053"]

1.e4 d5 2.exd5 Qxd5 3.Nc3 Qd6 4.d4 Nf6 5.g3 a6 6.Bg2 Bg4 7.Nge2 Nc6 8.Bf4 Qd7
9.d5 Na7 10.h3 Bxe2 11.Qxe2 Nb5 12.Nxb5 axb5 13.Qe5 Qd6 14.Qc3 Nxd5 15.Bxd6 Nxc3
16.Bxb7 Rb8 17.Bc6+ Kd8 18.Bc5 Na4 19.Ba7 Rb6 20.Bxb6 Nxb6 21.Bxb5 e6 22.a4 Bc5
23.Ke2 Nd5 24.Rhd1 Kc8 25.c3 Kb7 26.Bc4 Nf6 27.b4 Bd6 28.Ke3 g5 29.a5 Nd7
30.Bf1 f5 31.b5 Nc5 32.Bg2+ Kb8 33.a6 Ka7 34.b6+ Kxb6 35.a7 f4+ 36.Ke2  1-0

[Event "6th Foxwoods Open"]
[Site "Connecticut USA"]
[Date "2004.04.09"]
[Round "4"]
[White "Dougherty,M"]
[Black "Gonzalez,Ren"]
[Result "0-1"]
[WhiteElo "2213"]
[BlackElo "2419"]

1.e4 d5 2.exd5 Qxd5 3.Nc3 Qd6 4.d4 Nf6 5.Nf3 a6 6.Bg5 Bg4 7.h3 Bh5 8.Be2 Nbd7
9.O-O e6 10.Re1 Be7 11.Ne5 Bxe2 12.Qxe2 Nb6 13.Rad1 O-O 14.Bxf6 Bxf6 15.Ne4 Qd8
16.Qf3 c6 17.Qb3 Rb8 18.c4 Be7 19.f4 Qc7 20.Kh1 Rbd8 21.Rd3 Nd7 22.Qd1 Nf6
23.Qe2 Nxe4 24.Qxe4 g6 25.d5 cxd5 26.cxd5 Rxd5 27.Rxd5 exd5 28.Qxd5 Bh4 29.Rd1 Rd8
30.Qb3 Rxd1+ 31.Qxd1 Bg3 32.Qd2 g5 33.Nd3 Bxf4 34.Nxf4 Qxf4 35.Qd5 Qf1+ 36.Kh2 Qb5
37.Qd4 h6 38.a4 Qc6 39.Kg3 f6 40.a5 Kf7 41.h4 Qc7+ 42.Kg4 Qc8+ 43.Kh5 Qe8
44.hxg5 hxg5 45.Qd5+ Kg7+ 46.Kg4 Qe2+ 47.Kf5 Qc2+ 48.Ke6 Qc8+ 49.Qd7+ Qxd7+
50.Kxd7 f5 51.Kc7 f4 52.Kxb7 g4 53.Kxa6 f3 54.gxf3 gxf3 55.Kb7 f2 56.a6 f1=Q
57.a7 Qb5+ 58.Ka8 Qb6 59.b4 Qc7  0-1

[Event "ch-DEN"]
[Site "Koge DEN"]
[Date "2004.04.09"]
[Round "3.2"]
[White "El Kher,H"]
[Black "Fries Nielsen,JO"]
[Result "1-0"]
[WhiteElo "2404"]
[BlackElo "2425"]

1.e4 d5 2.exd5 Qxd5 3.Nc3 Qd6 4.d4 Nf6 5.Nf3 c6 6.Ne5 Nbd7 7.Nc4 Qc7 8.g3 Nb6
9.Bf4 Qd8 10.Ne5 Nbd5 11.Nxd5 Nxd5 12.Qf3 Be6 13.Bg2 g6 14.O-O Bg7 15.Bd2 O-O
16.Rad1 Qc8 17.Qa3 Re8 18.c4 Nb6 19.b3 Bh3 20.Rfe1 Bxg2 21.Kxg2 Nd7 22.Bf4 Nxe5
23.Bxe5 Bf8 24.d5 cxd5 25.cxd5 Qd7 26.Qb4 a5 27.Qf4 Rac8 28.Re3 Bg7 29.Bxg7 Kxg7
30.h4 h5 31.Rf3 Rf8 32.d6 Kg8 33.Qe5 Rfe8 34.Qd5 exd6 35.Rf6 Kg7 36.Rxd6 Qf5
37.Qxf5 gxf5 38.R1d5 Re6 39.Rd7 Rf6 40.Rxa5 Rc2 41.Rdd5 b6 42.Rab5 Kg6 43.a4 Ra2
44.Kf3 Rb2 45.Rd8 Rc6 46.Rg8+  1-0

[Event "6th Foxwoods Open"]
[Site "Connecticut USA"]
[Date "2004.04.10"]
[Round "6"]
[White "Mitkov,N"]
[Black "Gonzalez,Ren"]
[Result "1/2-1/2"]
[WhiteElo "2520"]
[BlackElo "2419"]

1.e4 d5 2.exd5 Qxd5 3.Nc3 Qd6 4.d4 Nf6 5.Nf3 a6 6.Bd3 Bg4 7.O-O e6 8.Ne4 Nxe4
9.Bxe4 c6 10.c3 Nd7 11.Qb3 Qc7 12.Re1 Be7 13.h3  1/2-1/2

[Event "Pobeskydi Technomont Cup"]
[Site "Frydek Mistek CZE"]
[Date "2004.04.10"]
[Round "6"]
[White "Holeksa,Z"]
[Black "Vyskocil,N"]
[Result "0-1"]
[WhiteElo "2195"]
[BlackElo "2339"]

1.e4 d5 2.exd5 Qxd5 3.Nc3 Qd6 4.d4 Nf6 5.Be2 a6 6.h3 Nc6 7.Nf3 Bf5 8.a3 O-O-O
9.Be3 h6 10.Qd2 e5 11.O-O-O e4 12.Nh2 g5 13.Nf1 Bg7 14.Ng3 Bg6 15.h4 Rhe8
16.Bc4 Ng4 17.h5 Nxe3 18.fxe3 Qxg3 19.hxg6 f5 20.Bf7 Re7 21.Ne2 Qg4 22.d5 Ne5
23.Rhe1 Nxf7 24.gxf7 Rxf7 25.Nc3 Rfd7 26.Na4 Rxd5 27.Qxd5 Rxd5 28.Rxd5 b6
29.Red1 Kb7 30.Rd7 Be5 31.Re7 Qg3 32.Kb1 Kc6 33.Re6+ Bd6 34.Nc3 Qxe3 35.Nd5 Qe2
36.Kc1 Qxg2 37.Nxc7 Kxc7 38.Rexd6 Qh2 39.Rd7+ Kc6 40.Rf7 Qe5 41.Rh7 e3 42.Rxh6+ Kc5
43.c3 e2 44.Re1 f4 45.b4+ Kc4 46.Rc6+ Kb3  0-1

[Event "ACP Blitz Prelim4"]
[Site "playchess.com INT"]
[Date "2004.04.15"]
[Round "3"]
[White "Skripchenko,A"]
[Black "Gofshtein,Z"]
[Result "0-1"]
[WhiteElo "2456"]
[BlackElo "2522"]

1.e4 d5 2.exd5 Qxd5 3.Nc3 Qd6 4.g3 Nf6 5.Bg2 Bg4 6.Nge2 Nc6 7.h3 Bf5 8.d3 e5
9.O-O O-O-O 10.a3 h5 11.b4 Qd7 12.Bg5 Bxh3 13.Ne4 Bxg2 14.Kxg2 Qf5 15.b5 Nxe4
16.Bxd8 Nxd8 17.dxe4 Qxe4+ 18.f3 Qc4 19.Qd3 Qxd3 20.cxd3 Ne6 21.a4 Bc5 22.f4 exf4
23.Nxf4 Nd4 24.Rae1 g6 25.Nd5 Nf5 26.Kf3 Rd8 27.Nf4 Nd4+ 28.Kg2 b6 29.Re4 Kb7
30.Rfe1 Nf5 31.Kf3 a6 32.Re8 Rd4 33.R1e4 axb5 34.axb5 Rd7 35.Ra4 Nd4+ 36.Kg2 Nxb5
37.Rea8 g5 38.Nxh5 Rxd3 39.Nf6 Bd6 40.Ne4 Be7 41.Re8 Bd8 42.Rf8 Rd7 43.Ra1 Nd4
44.Rd1 c5 45.g4 Kc6 46.Ng3 b5 47.Rf1 f6 48.Ne4 b4 49.Nxf6 Bxf6 50.R1xf6+ Kd5
51.Rb8 b3 52.Rg6 Kc4 53.Rxg5 Nb5 54.Rgg8 b2 55.Rxb5 Rd2+ 56.Kf3 Kxb5 57.Rb8+ Ka4
58.g5 c4 59.g6 Rd3+ 60.Kf2 Rb3 61.Ra8+ Kb4 62.g7 b1=Q 63.g8=Q Qf5+ 64.Kg2 Qe4+
65.Kh2 Qh4+ 66.Kg2 Qh3+ 67.Kf2 Qh2+  0-1

[Event "ACP Blitz Prelim4"]
[Site "playchess.com INT"]
[Date "2004.04.15"]
[Round "10"]
[White "Najer,E"]
[Black "Gofshtein,Z"]
[Result "1-0"]
[WhiteElo "2606"]
[BlackElo "2522"]

1.e4 d5 2.exd5 Qxd5 3.Nc3 Qd6 4.d4 Nf6 5.Be3 Bf5 6.Qd2 Nc6 7.O-O-O O-O-O
8.Nf3 e6 9.a3 a6 10.Bc4 Nd5 11.Bg5 f6 12.Bh4 Qd7 13.Bg3 g5 14.Rhe1 h5 15.Bxd5 exd5
16.h4 g4 17.Ng1 Na5 18.Kb1 Nc4 19.Qc1 Qc6 20.Nge2 b5 21.Bf4 a5 22.Na2 b4
23.Rd3 bxa3 24.b3 Qb7 25.Rg3 a4 26.Ka1 Nb6 27.Rc3 Bd6 28.Bxd6 Rxd6 29.Qxa3 axb3
30.Qxd6 bxa2 31.Qf4 Be4 32.f3 gxf3 33.gxf3 Bh7 34.Nc1 Nc4 35.Nb3 Bxc2 36.Rxc2 Qxb3
37.Qc1 Kd7 38.Rxa2 Rb8 39.Qc2 Qxf3 40.Rd1 Ne3 41.Qa4+ Kd8 42.Rc1 Qe4 43.Rb2 Rxb2
44.Qa8+ Kd7 45.Qc6+ Ke7 46.Qxc7+ Kf8 47.Qd8+ Qe8 48.Qxf6+ Kg8 49.Qg5+ Kh8
50.Qh6+ Kg8 51.Qg5+ Kh8 52.Qf6+ Kg8 53.Kxb2 Nc4+ 54.Rxc4 dxc4 55.Kc3 Qf7
56.Qxf7+ Kxf7 57.Kxc4 Kf6 58.d5 Kf5 59.Kc5 Kg4 60.d6 Kxh4 61.d7 Kg3 62.d8=Q h4
63.Qg5+ Kf3 64.Qxh4  1-0

[Event "ACP Blitz Prelim4"]
[Site "playchess.com INT"]
[Date "2004.04.15"]
[Round "12"]
[White "Bologan,V"]
[Black "Gofshtein,Z"]
[Result "1-0"]
[WhiteElo "2665"]
[BlackElo "2522"]

1.e4 d5 2.exd5 Qxd5 3.Nc3 Qd6 4.d4 Nf6 5.Nf3 a6 6.Be2 e6 7.O-O Nbd7 8.g3 c5
9.Bf4 Qc6 10.Re1 b5 11.d5 Qb6 12.dxe6 fxe6 13.Ng5 Ra7 14.Bh5+ Ke7 15.Nxe6 Qxe6
16.Qd6+  1-0

[Event "It"]
[Site "Indjija SCG"]
[Date "2004.04.17"]
[Round "7"]
[White "Klasan,V"]
[Black "Kizov,A"]
[Result "0-1"]
[WhiteElo "2151"]
[BlackElo "2345"]

1.e4 d5 2.exd5 Qxd5 3.Nc3 Qd8 4.d4 Nf6 5.Nf3 c6 6.h3 Bf5 7.Bd3 Bxd3 8.Qxd3 e6
9.Bf4 Be7 10.O-O O-O 11.Rad1 Nbd7 12.Rfe1 Qb6 13.Ne5 Rfd8 14.Nc4 Qa6 15.Bc7 b5
16.Nd6 Bxd6 17.Bxd6 Nd5 18.Nxd5 cxd5 19.Ba3 Qa4 20.Qb3 Qxb3 21.axb3 a5 22.Be7 Rdc8
23.c3 a4 24.bxa4 Rxa4 25.Ra1 Rca8 26.Rxa4 Rxa4 27.Kf1 Ra2 28.Re2 Ra6 29.Rd2 f6
30.Ke2 Kf7 31.Bb4 Nb8 32.b3 Nc6 33.Bc5 Ra1 34.f4 Nb8 35.Rd1 Ra6 36.Ke3 Nd7
37.Bb4 Ra2 38.Rd2 Ra1 39.Ke2 h5 40.Rd1 Ra6 41.Ke3 f5 42.Rd2 Nf6 43.Rc2 Ra1
44.Bd6 Ne4 45.Bb4 Kf6 46.Kd3 Rf1 47.Ke3 Rb1 48.Ra2 Rxb3 49.Kd3 Rb1 50.Ra7 Rg1
51.Be7+ Kf7 52.Bb4+ Kg8 53.Re7 Rxg2 54.Rxe6 Rg3+ 55.Kc2 Rxh3 56.Re5 Nf6 57.Rxf5 Kf7
58.Ba5 Kg6 59.Rg5+ Kh6 60.Bd8 Ne4 61.Rxd5 Rxc3+ 62.Kb2 b4 63.Be7 Rf3 64.f5 b3
65.Rb5 Nd2 66.Rc5 Rd3 67.d5 Ne4 68.Rc6+ Nf6 69.Bxf6 gxf6 70.Rxf6+ Kg5 71.Rf8 Rxd5
72.Kxb3 Rxf5 73.Rg8+ Kf4 74.Kc4 h4 75.Kd4 Kf3 76.Rh8 Rf4+ 77.Kd3 Kf2 78.Rh7 Rf3+
79.Ke4 h3 80.Rh8 Kg2 81.Rh7 Rg3 82.Kf4 h2  0-1

[Event "TCh-RUS 1st Liga"]
[Site "Sochi RUS"]
[Date "2004.04.22"]
[Round "3"]
[White "Sokolov,D"]
[Black "Ozgibcev,A"]
[Result "1/2-1/2"]
[WhiteElo "2409"]
[BlackElo "2435"]

1.e4 d5 2.exd5 Qxd5 3.Nc3 Qd6 4.d4 Nf6 5.Nf3 a6 6.Bc4 b5 7.Bb3 Bb7 8.O-O e6
9.Qe2 Be7 10.Ne5 Nc6 11.Nxc6 Bxc6 12.Rd1 O-O 13.Bg5 Rfe8 14.Rd2 b4 15.Na4 h6
16.Bh4 Ne4 17.Bxe7 Qxe7 18.Rdd1 Qd7 19.f3 Ng3 20.hxg3 Bxa4 21.Qc4 Qb5 22.Qxb5 axb5
23.Kf2 Ra6 24.Rac1 c6 25.Rd3 Kf8 26.Bxa4 Rxa4 27.Rb3 Ke7 28.Ke3 Rea8 29.c4 bxc3
30.Rcxc3 Kd6 31.a3 Rb8 32.Rc1 b4 33.Kd3 Rb5 34.axb4 Raxb4 35.Rxb4 Rxb4 36.Kc3 Ra4
37.Kd3 Ra2 38.Rc2 Ra1 39.g4 Rd1+ 40.Ke4 g6 41.Ke3 Re1+ 42.Kf2 Rh1 43.Rc4 f5
44.gxf5 gxf5 45.Ke3 Re1+ 46.Kf2 Rb1 47.Rb4 Kd5 48.Ke3 Re1+ 49.Kf2 Rc1 50.Ke3 Rc2
51.g3 Rg2 52.Rb8 Kd6 53.Kf4 Rd2 54.Ke3 Rg2 55.Kf4 Rd2 56.Ke3 Rg2  1/2-1/2

[Event "4th Gold Cup"]
[Site "Szombathely HUN"]
[Date "2004.04.22"]
[Round "4"]
[White "Gara,A"]
[Black "Papadopoulou,V"]
[Result "1-0"]
[WhiteElo "2377"]
[BlackElo "2267"]

1.e4 d5 2.exd5 Qxd5 3.Nc3 Qd6 4.d4 c6 5.Nf3 Nf6 6.h3 Bf5 7.Bc4 e6 8.O-O Nbd7
9.a4 Be7 10.a5 O-O 11.Nh4 Bg6 12.Nxg6 hxg6 13.Re1 b5 14.Bb3 Rfe8 15.Bg5 Qc7
16.Qf3 Rac8 17.Re2 Bb4 18.a6 Bd6 19.h4 Qb6 20.Be3 Qc7 21.Rd1 Qa5 22.Bg5 Qxa6
23.Ne4 Nxe4 24.Rxe4 Nf8 25.h5 Be7 26.hxg6 f6 27.Bxe6+ Nxe6 28.Rxe6 Bb4 29.Qh3  1-0

[Event "TCh-RUS 1st Liga"]
[Site "Sochi RUS"]
[Date "2004.04.23"]
[Round "4"]
[White "Chebotarev,O"]
[Black "Meshkov,Y"]
[Result "1/2-1/2"]
[WhiteElo "2442"]
[BlackElo "2396"]

1.e4 d5 2.exd5 Qxd5 3.Nc3 Qd6 4.d4 Nf6 5.Nf3 a6 6.Be2 Nc6 7.Be3 Bf5 8.Qd2 O-O-O
9.a3 e5 10.O-O-O Ne4 11.Nxe4 Bxe4 12.dxe5 Qxd2+ 13.Rxd2 Rxd2 14.Bxd2 Bxf3
15.Bxf3 Nxe5 16.Bd5 f6 17.Re1 Bd6 18.f4 Ng6 19.g3 Ne7 20.Bf3 h5 21.b4 b5
22.Kb2 h4 23.Kb3 hxg3 24.hxg3 Rh2 25.Be3 c6 26.Bg1 Rh8 27.c4 bxc4+ 28.Kxc4 Kc7
29.Bc5 Rh3 30.Re6 Nc8 31.Bf2 Rh2 32.Re2 g5 33.fxg5 fxg5 34.Kd3 Rh7 35.Re4 Rh2
36.Re2 Rh7 37.Rc2 Ne7 38.Be4 Rh6 39.Rc4 Kd7 40.Ke2 Rf6 41.Bf3 Nd5 42.Be1 Re6+
43.Re4 Rxe4+ 44.Bxe4 Ke6 45.Bd3 c5 46.bxc5 Bxc5 47.a4  1/2-1/2